LEADER 01088nam a2200229 i 4500 001 000000160404 003 CaOOAMICUS 005 20070321000000.0 008 070321s2005 it u000 u ita u 013 $a137767 040 $aSeMil$bita 245 13$aIl Cammino di Monsignor Carlo Giussani :$bparroco di S. Eustorgio in Arcore dal 1960 al 1991 /$ca cura di Fulvio Ferrario. 260 $a[S.l. :$bs.n.],$cstampa 2005$e(Monza :$fTipografia Sociale,$gstampa 2005) 300 $a93 p. :$bill. ;$c21 cm. 500 $aIn testa al front. : Parrocchia di S. Eustorgio in Arcore. 650 4$aGiussani, Carlo .$0(OLS)http://semarc/subject/17405 700 1 $aFerrario, Fulvio,$d<1958- >.$0(OLS)http://semarc/name/7077 850 $aSeMil 852 $aSeMil$W1$xVenegono$y1$m5C V 4/18$j111879$B111879$CSeMilBibl$Z2$F121880 $81 961 $aRecupero: Altro 996 $6245$aIl Cammino di Monsignor Carlo Giussani :$bparroco di S. Eustorgio in Arcore dal 1960 al 1991$9(OLS)http://semarc/title/143041 996 $6260$a[S.l. :$bs.n.]$9(OLS)http://semarc/publisher/29751 LEADER 01677nam a2200277 i 4500 001 000000223590 003 CaOOAMICUS 005 20131016000000.0 008 131016s1997 it u000 u ita u 013 $a202487 040 $aSeMil$bita 100 1 $aTosi, Alfredo.$0(OLS)http://semarc/name/77957 245 10$aRetorica letteraria e testo biblico :$bconsiderazioni di tipo metodologico da tre esempi di lettura /$cElaborato scritto di baccalaureato dello studente : Alfredo Tosi ; Moderatore : prof. don Pierantonio Tremolada. 260 $aVenegono Inf. :$b[s.n.],$c1997. 300 $a55 p. ;$c29 cm. 500 $aIn testa al front : Facoltà Teologica dell'Italia Settentrionale, Sezione del Seminario Arcivescovile di Milano, Anno Accademico 1996-97. 650 4$aBibbia. Nuovo Testamento. Lettera a Filemone - Commentari, studi, critica e interpretazioni.$0(OLS)http://semarc/subject/5913 650 4$aBibbia - Metodologia.$0(OLS)http://semarc/subject/7391 650 4$aBibbia - Analisi retorica.$0(OLS)http://semarc/subject/40925 650 4$aBibbia. Nuovo Testamento. Vangelo secondo Luca, 22, 1-53.$0(OLS)http://semarc/subject/40926 650 4$aBibbia. Antico Testamento. Geremia, 14, 2-15,9.$0(OLS)http://semarc/subject/40927 700 1 $aTremolada, Pierantonio,$c.$0(OLS)http://semarc/name/26960 850 $aSeMil 852 $aSeMil$W1$xVenegono$y1$m4X IX 35$j173936$B173936$CSeMilBibl$Z2$F184193 $8L 996 $6245$aRetorica letteraria e testo biblico :$bconsiderazioni di tipo metodologico da tre esempi di lettura$9(OLS)http://semarc/title/320597 996 $6260$aVenegono Inf. :$b[s.n.]$9(OLS)http://semarc/publisher/29944